| 000 | 00826cab a2200217 4500 | ||
|---|---|---|---|
| 001 | ##L133014 | ||
| 008 | 060403n2006 000 0 eng u | ||
| 035 | _a(Sirsi) u133014 | ||
| 041 | 0 | _aeng | |
| 100 | 1 | _aRoberts, Gwyn | |
| 245 | 0 | 0 |
_aMixed use _bspecial report |
| 260 | _c2006 | ||
| 490 | 0 |
_aProperty Week _v71(12) 24 March 2006, 71-80(7) |
|
| 520 | _aLooks at the completion of the Brindleyplace scheme in Birmingham, Val d'Europe, a new town created in connection with Disneyland Resort Paris, a development on the outskirts of Warsaw, and new research into the cost and profitability of developing mixed use high-rise buildings. | ||
| 590 | _aIKA110406 | ||
| 651 | 4 | _aFRANCE | |
| 651 | 4 | _aPOLAND | |
| 690 | _aPROPERTY-COMMERCIAL PROPERTY-COMMERCIAL PROPERTY MARKET | ||
| 700 | 1 | _aMorrison, Doug | |
| 942 | _n0 | ||
| 999 |
_c76740 _d76740 |
||